[Event "Syre Memorial op 34th"]
[Site "Issy les Moulineaux"]
[Date "2011.06.03"]
[Round "2"]
[White "Joslin, Jerome"]
[Black "Lavabre, Fabien"]
[Result "1/2-1/2"]
[WhiteElo "2058"]
[BlackElo "2227"]
[PlyCount "61"]
[EventDate "2011.06.03"]
[EventType "swiss"]
[EventRounds "6"]
[EventCountry "FRA"]
[SourceTitle "EXT 2012"]
[Source "ChessBase"]
[SourceDate "2011.11.24"]
[SourceVersion "1"]
[SourceVersionDate "2011.11.24"]
[SourceQuality "1"]

1. d4 Nf6 2. c4 g6 3. Nc3 d5 4. cxd5 Nxd5 5. e4 Nxc3 6. bxc3 Bg7 7. Bb5+ Nd7 8. Nf3 0-0 9. Ba3 a6 10. Bd3 c5 11. 0-0 Qc7 12. e5 e6 13. Nd2 Rd8 14. Ne4 b5 15. Nd6 Bb7 16. Nxb7 Qxb7 17. Qg4 Nxe5 18. Qe4 Qd7 19. Bxc5 Nxd3 20. Qxd3 Qd5 21. Qe2 Bf8 22. Bxf8 Kxf8 23. a4 Rac8 24. Qe3 Kg7 25. axb5 axb5 26. Rfb1 Rc4 27. Ra5 Ra4 28. Rxa4 bxa4 29. Ra1 Qb3 30. h4 Rd5 31. Qc1 1/2-1/2

[Event "Cap d'Agde CCAS op"]
[Site "Cap d'Agde"]
[Date "2010.10.27"]
[Round "4"]
[White "Petrossian, Armen"]
[Black "Lavabre, Fabien"]
[Result "1-0"]
[WhiteElo "2442"]
[BlackElo "2226"]
[PlyCount "61"]
[EventDate "2010.10.23"]
[EventType "swiss"]
[EventRounds "7"]
[EventCountry "FRA"]
[SourceTitle "EXT 2012"]
[Source "ChessBase"]
[SourceDate "2011.11.24"]
[SourceVersion "1"]
[SourceVersionDate "2011.11.24"]
[SourceQuality "1"]

1. e4 c5 2. Nf3 d6 3. Bb5+ Nc6 4. 0-0 Bd7 5. Re1 Nf6 6. c3 a6 7. Bf1 Bg4 8. d4 cxd4 9. cxd4 Bxf3 10. gxf3 e5 11. d5 Nb8 12. Qb3 Qc7 13. Be3 Nbd7 14. Rc1 Qb8 15. a4 Be7 16. Nd2 0-0 17. a5 h6 18. Bh3 Rc8 19. Nc4 Bd8 20. Qa3 Be7 21. Rc3 Rc7 22. Bb6 Rc8 23. Rac1 Re8 24. Be3 Kh7 25. Nb6 Nxb6 26. axb6 Nh5 27. Qa4 Bg5 28. Rc8 Qxc8 29. Rxc8 Raxc8 30. Bxc8 Rxc8 31. Qd7 1-0

[Event "Massy op"]
[Site "Massy"]
[Date "2010.06.??"]
[Round "?"]
[White "Trommsdorf, Fro"]
[Black "Lavabre, Fabien"]
[Result "0-1"]
[WhiteElo "2069"]
[BlackElo "2236"]
[PlyCount "94"]
[EventDate "2010.06.??"]
[EventType "swiss"]
[EventRounds "7"]
[EventCountry "FRA"]
[SourceTitle "EXT 2011"]
[Source "ChessBase"]
[SourceDate "2010.11.26"]
[SourceVersion "1"]
[SourceVersionDate "2010.11.26"]
[SourceQuality "1"]

1. Nf3 Nf6 2. g3 g6 3. Bg2 Bg7 4. d3 0-0 5. 0-0 d5 6. c3 Nbd7 7. Qc2 e5 8. e4 c6 9. Re1 Re8 10. a4 h6 11. h3 dxe4 12. dxe4 Nc5 13. Bf1 Nh7 14. Be3 Ne6 15. Nbd2 Neg5 16. h4 Nxf3+ 17. Nxf3 Qf6 18. Bg2 g5 19. hxg5 hxg5 20. Rad1 Bg4 21. Qe2 Qg6 22. Bc1 Qh5 23. Rd2 Re6 24. Qe3 Rh6 25. Rd3 Bh3 26. Bh1 f6 27. Qd2 Nf8 28. Nh2 Be6 29. f3 Qf7 30. Bg2 Ng6 31. Rd8+ Rxd8 32. Qxd8+ Bf8 33. Be3 Kg7 34. Rd1 Rh8 35. Qd2 Bb3 36. Ra1 a6 37. Ng4 Be7 38. Bf1 Rd8 39. Qh2 Rh8 40. Qd2 Nf8 41. Qd3 Be6 42. Nf2 Qh5 43. Bg2 Qh2+ 44. Kf1 Qxg3 45. Nh1 Rxh1+ 46. Bxh1 Bh3+ 47. Ke2 Qh2+ 0-1

[Event "FRA-chT1 0910"]
[Site "France"]
[Date "2009.11.21"]
[Round "4.4"]
[White "Lavabre, Fabien"]
[Black "Leroy, Didier"]
[Result "1-0"]
[WhiteElo "2223"]
[BlackElo "2306"]
[PlyCount "49"]
[EventDate "2009.09.27"]
[EventType "team-tourn"]
[EventRounds "11"]
[EventCountry "FRA"]
[SourceTitle "EXT 2011"]
[Source "ChessBase"]
[SourceDate "2010.11.26"]
[SourceVersion "1"]
[SourceVersionDate "2010.11.26"]
[SourceQuality "1"]

1. e4 c5 2. c3 Nf6 3. e5 Nd5 4. Bc4 Nb6 5. Bb3 g6 6. Nf3 Bg7 7. 0-0 0-0 8. d4 cxd4 9. cxd4 Nc6 10. Bf4 d6 11. h3 Bf5 12. exd6 exd6 13. Nc3 Na5 14. Nb5 Nc8 15. Rc1 Be4 16. Nc7 Nxb3 17. Qxb3 Rb8 18. Ng5 Bc6 19. Rxc6 bxc6 20. Qxb8 Bxd4 21. Nce6 fxe6 22. Nxe6 Qb6 23. Qxb6 Bxb6 24. Nxf8 Kxf8 25. Rc1 1-0

[Event "Malakoff op 09th"]
[Site "Malakoff"]
[Date "2009.04.15"]
[Round "7"]
[White "Lavabre, Fabien"]
[Black "Giffard, Nicolas"]
[Result "1/2-1/2"]
[WhiteElo "2225"]
[BlackElo "2377"]
[PlyCount "124"]
[EventDate "2009.04.11"]
[EventType "swiss"]
[EventRounds "9"]
[EventCountry "FRA"]
[SourceTitle "EXT 2010"]
[Source "ChessBase"]
[SourceDate "2010.11.25"]
[SourceVersion "1"]
[SourceVersionDate "2010.11.25"]
[SourceQuality "1"]

1. d4 Nf6 2. Bg5 g6 3. Bxf6 exf6 4. e3 f5 5. g3 Bg7 6. Bg2 0-0 7. Ne2 d6 8. 0-0 Nd7 9. c4 Rb8 10. Nbc3 Nf6 11. Qc2 h5 12. Nd5 h4 13. Nxf6+ Qxf6 14. c5 hxg3 15. hxg3 c6 16. cxd6 Qxd6 17. Rfc1 a6 18. Qc5 Qf6 19. Nf4 Bd7 20. Rc2 Rfc8 21. Qb6 Bf8 22. Rac1 Bd6 23. d5 g5 24. Nh5 Qe7 25. dxc6 Bxc6 26. Bxc6 Rxc6 27. Rxc6 bxc6 28. Qxc6 Qe6 29. b3 Rd8 30. Qb6 Be7 31. Qxe6 fxe6 32. Rc6 Rd6 33. Rxd6 Bxd6 34. g4 fxg4 35. Nf6+ Kf7 36. Nxg4 Ke7 37. Kf1 Kd7 38. Ke2 Kc6 39. Kd3 Kb5 40. a4+ Kb4 41. Kc2 a5 42. Nf6 Be7 43. Nd7 Bd6 44. f3 Be7 45. Ne5 Kc5 46. Nc4 Bd8 47. Nd2 Kd5 48. Kd3 Be7 49. Ne4 Bd8 50. Nc3+ Kc5 51. Nb5 Bb6 52. e4 Kb4 53. Kc2 Kc5 54. Kc3 Bd8 55. Kd3 Bb6 56. Kc2 Kc6 57. Kc3 Kc5 58. Nd4 Kd6 59. Kc4 Ke5 60. Ne2 g4 61. fxg4 Kxe4 62. b4 axb4 1/2-1/2

[Event "Malakoff op 09th"]
[Site "Malakoff"]
[Date "2009.04.14"]
[Round "5"]
[White "Kozhuharov, Spas"]
[Black "Lavabre, Fabien"]
[Result "1-0"]
[WhiteElo "2397"]
[BlackElo "2225"]
[PlyCount "48"]
[EventDate "2009.04.11"]
[EventType "swiss"]
[EventRounds "9"]
[EventCountry "FRA"]
[SourceTitle "EXT 2010"]
[Source "ChessBase"]
[SourceDate "2010.11.25"]
[SourceVersion "1"]
[SourceVersionDate "2010.11.25"]
[SourceQuality "1"]

1. Nf3 Nf6 2. c4 g6 3. Nc3 d5 4. cxd5 Nxd5 5. e4 Nxc3 6. dxc3 Qxd1+ 7. Kxd1 Bg7 8. Bf4 c6 9. Kc2 Nd7 10. a4 Nc5 11. Nd2 f5 12. f3 0-0 13. Be3 Nd7 14. exf5 gxf5 15. Bc4+ Kh8 16. Bg5 e5 17. Rhe1 Nb6 18. Bd3 h6 19. Be7 Re8 20. Bh4 Nd5 21. Bc4 Nf4 22. Bf1 Ng6 23. Bf2 Be6 24. Rad1 Re7 1-0

[Event "Orsay"]
[Site "Orsay"]
[Date "2009.02.17"]
[Round "4"]
[White "Hindermann, Felix"]
[Black "Lavabre, Fabien"]
[Result "1/2-1/2"]
[WhiteElo "2305"]
[BlackElo "2252"]
[PlyCount "56"]
[EventDate "2009.02.14"]
[EventType "tourn"]
[EventRounds "9"]
[EventCountry "FRA"]
[EventCategory "4"]
[SourceTitle "CBM 128 Extra"]
[Source "ChessBase"]
[SourceDate "2009.03.05"]
[SourceVersion "2"]
[SourceVersionDate "2009.03.25"]
[SourceQuality "1"]

1. e4 c5 2. c3 g6 3. d4 cxd4 4. cxd4 d5 5. Nc3 dxe4 6. Bc4 Nf6 7. Qb3 e6 8. d5 Qb6 9. dxe6 Bxe6 10. Qxb6 axb6 11. Bxe6 fxe6 12. Nge2 Nbd7 13. 0-0 Nc5 14. Ng3 Bg7 15. Be3 0-0 16. Rad1 Rfd8 17. Rxd8+ Rxd8 18. b4 Rd3 19. Rc1 Ng4 20. bxc5 Nxe3 21. Ncxe4 Nd5 22. cxb6 Nxb6 23. Rb1 Bd4 24. Ng5 Rd2 25. N3e4 Rxa2 26. Nxe6 Re2 27. Nxd4 Rxe4 28. f3 Rxd4 1/2-1/2

[Event "Paris-ch op-A"]
[Site "Paris"]
[Date "2008.07.03"]
[Round "6"]
[White "Gervasio, Ricardo"]
[Black "Lavabre, Fabien"]
[Result "1/2-1/2"]
[WhiteElo "2287"]
[BlackElo "2221"]
[PlyCount "128"]
[EventDate "2008.06.28"]
[EventType "swiss"]
[EventRounds "9"]
[EventCountry "FRA"]
[SourceTitle "CBM 125 Extra"]
[Source "ChessBase"]
[SourceDate "2008.09.01"]
[SourceVersion "1"]
[SourceVersionDate "2008.09.01"]
[SourceQuality "1"]

1. d4 Nf6 2. Nf3 g6 3. Bg5 Bg7 4. Nbd2 d5 5. e3 0-0 6. Be2 c5 7. c3 Nc6 8. dxc5 a5 9. a4 h6 10. Bh4 g5 11. Bg3 Ne4 12. Nxe4 dxe4 13. Qxd8 Rxd8 14. Nd2 Bf5 15. Nc4 Rf8 16. Bc7 Be6 17. Nb6 Ra7 18. 0-0-0 f5 19. Nd5 Raa8 20. Bb5 Kf7 21. Nb6 Ra7 22. h4 g4 23. Nd5 Be5 24. Bb6 Raa8 25. Nc7 Bxc7 26. Bxc7 Rfc8 27. Bf4 h5 28. Rd2 Na7 29. Bd7 Rxc5 30. Bxe6+ Kxe6 31. Rhd1 Nc6 32. Rd7 b5 33. axb5 Rxb5 34. Rc7 Rc5 35. Rdd7 Rd5 36. Rxd5 Kxd5 37. Bg5 Kd6 38. Rb7 a4 39. Kb1 Ra7 40. Bxe7+ Ke6 41. Rb6 Kd7 42. Bc5 Ra5 43. Bb4 Ra7 44. Rb5 Ke6 45. Bc5 Ra5 46. Rxa5 Nxa5 47. Kc2 Kd5 48. Bb6 Nb3 49. Bc7 Kc4 50. Bb6 Kb5 51. Bd4 Na5 52. Bf6 Kc4 53. Bd4 Nc6 54. Bf6 Nb8 55. Be5 Nd7 56. Bd4 Nf8 57. g3 Ne6 58. Bb6 Nf8 59. Ba7 Nd7 60. Bd4 Nb8 61. Be5 Nc6 62. Bf6 Na5 63. Bg7 Nb3 64. Bd4 Na1+ 1/2-1/2

[Event "Paris-ch op-A"]
[Site "Paris"]
[Date "2008.07.01"]
[Round "4"]
[White "Lavabre, Fabien"]
[Black "Roumegous, Christophe"]
[Result "1-0"]
[WhiteElo "2221"]
[BlackElo "2001"]
[PlyCount "37"]
[EventDate "2008.06.28"]
[EventType "swiss"]
[EventRounds "9"]
[EventCountry "FRA"]
[SourceTitle "CBM 125 Extra"]
[Source "ChessBase"]
[SourceDate "2008.09.01"]
[SourceVersion "1"]
[SourceVersionDate "2008.09.01"]
[SourceQuality "1"]

1. d4 f5 2. Bg5 h6 3. Bh4 g5 4. Bg3 d6 5. e3 Bg7 6. Bc4 e6 7. h4 g4 8. h5 Qe7 9. Nc3 c6 10. Nge2 Nd7 11. Nf4 Nf8 12. Qd2 Nf6 13. 0-0-0 d5 14. Be2 Rg8 15. f3 Bd7 16. Nd3 0-0-0 17. Na4 Be8 18. Qa5 Bxh5 19. Qxa7 1-0

[Event "FRA-chT2 Nord 0708"]
[Site "France"]
[Date "2007.11.25"]
[Round "3.6"]
[White "Lavabre, Fabien"]
[Black "Kirszenberg, Marc"]
[Result "1-0"]
[WhiteElo "2192"]
[BlackElo "2210"]
[PlyCount "52"]
[EventDate "2007.10.21"]
[EventType "team"]
[EventRounds "11"]
[EventCountry "FRA"]
[SourceTitle "EXT 2009"]
[Source "ChessBase"]
[SourceDate "2008.11.26"]
[SourceVersion "1"]
[SourceVersionDate "2008.11.26"]
[SourceQuality "1"]
[WhiteTeam "Issy les Moulineaux"]
[BlackTeam "Rueil Malmaison"]
[WhiteTeamCountry "FRA"]
[BlackTeamCountry "FRA"]

1. e4 d5 2. exd5 Nf6 3. Nf3 Nxd5 4. d4 g6 5. c4 Nb6 6. Nc3 Bg7 7. c5 Nd5 8. Bc4 c6 9. 0-0 0-0 10. Re1 Nxc3 11. bxc3 b5 12. cxb6 axb6 13. Bg5 Ra7 14. Qe2 b5 15. Bb3 Bf6 16. Bh6 Re8 17. Ne5 e6 18. Rad1 Bb7 19. Nxf7 Kxf7 20. Bxe6+ Ke7 21. Qg4 Kd6 22. Bf4+ Ke7 23. Bd7+ Kf7 24. Bxe8+ Kg7 25. Qh3 Bc8 26. Qh6+ Kg8 1-0

[Event "Evry op"]
[Site "Evry"]
[Date "2007.10.31"]
[Round "1"]
[White "Roblette, Yves"]
[Black "Lavabre, Fabien"]
[Result "0-1"]
[WhiteElo "1720"]
[BlackElo "2192"]
[PlyCount "48"]
[EventDate "2007.10.31"]
[EventType "swiss"]
[EventRounds "9"]
[EventCountry "FRA"]
[SourceTitle "EXT 2009"]
[Source "ChessBase"]
[SourceDate "2008.11.26"]
[SourceVersion "1"]
[SourceVersionDate "2008.11.26"]
[SourceQuality "1"]

1. d4 Nf6 2. c4 e6 3. Nf3 c5 4. e3 a6 5. Nc3 d5 6. Be2 Nc6 7. 0-0 Be7 8. Re1 0-0 9. b3 dxc4 10. Bxc4 b5 11. Bd3 Ra7 12. Ne5 Nxe5 13. dxe5 Rd7 14. exf6 Bxf6 15. Bxh7+ Kxh7 16. Qh5+ Kg8 17. Bb2 Bb7 18. Red1 Rd2 19. Qxc5 Bxc3 20. Rxd2 Bxd2 21. Qe5 Qf6 22. Qxf6 gxf6 23. Bxf6 Rc8 24. Kf1 Rc1+ 0-1

[Event "Evry op 2nd"]
[Site "Evry"]
[Date "2006.11.01"]
[Round "1"]
[White "Tomovic, Budimir"]
[Black "Lavabre, Fabien"]
[Result "0-1"]
[WhiteElo "1715"]
[BlackElo "2157"]
[PlyCount "94"]
[EventDate "2006.11.01"]
[EventType "swiss"]
[EventRounds "7"]
[EventCountry "FRA"]
[SourceTitle "EXT 2007"]
[Source "ChessBase"]
[SourceDate "2006.11.23"]
[SourceVersion "1"]
[SourceVersionDate "2006.11.23"]
[SourceQuality "1"]

1. d4 Nf6 2. Nf3 e6 3. Bf4 c5 4. c3 b6 5. Nbd2 Bb7 6. e3 Be7 7. Bd3 Nh5 8. Bg3 d6 9. e4 Nd7 10. Nh4 g6 11. Be2 Bxh4 12. Bxh5 Bxg3 13. hxg3 gxh5 14. Rxh5 Qf6 15. Nc4 0-0-0 16. Nxd6+ Kb8 17. e5 Qg6 18. Rh4 f6 19. Rg4 Qh5 20. Nxb7 Qh1+ 21. Ke2 Qxd1+ 22. Rxd1 Kxb7 23. dxc5 Nxe5 24. Rg7+ Kc6 25. cxb6 Rxd1 26. Kxd1 axb6 27. Kc2 h5 28. Re7 Kd6 29. Rb7 Nd7 30. Ra7 h4 31. Ra4 hxg3 32. fxg3 e5 33. Rh4 Rg8 34. g4 e4 35. Kd2 Ke5 36. Ke3 Nc5 37. b4 Na4 38. Rh5+ Rg5 39. c4 Nb2 40. c5 bxc5 41. bxc5 Na4 42. c6 Nb6 43. c7 Nd5+ 44. Ke2 Nxc7 45. Rh7 Nd5 46. a4 Rxg4 47. g3 Nc3+ 0-1

[Event "Evry op"]
[Site "Evry"]
[Date "2005.02.22"]
[Round "2"]
[White "Lavabre, Fabien"]
[Black "Justo, Damian"]
[Result "1/2-1/2"]
[WhiteElo "2207"]
[BlackElo "2340"]
[PlyCount "61"]
[EventDate "2005.03.12"]
[EventType "swiss"]
[EventRounds "9"]
[EventCountry "FRA"]
[SourceTitle "EXT 2006"]
[Source "ChessBase"]
[SourceDate "2005.11.24"]
[SourceVersion "1"]
[SourceVersionDate "2005.11.24"]
[SourceQuality "1"]

1. d4 e6 2. e4 d5 3. Nd2 c5 4. Ngf3 cxd4 5. exd5 Qxd5 6. Bc4 Qd6 7. 0-0 Nf6 8. Nb3 Nc6 9. Nbxd4 Nxd4 10. Nxd4 a6 11. Bb3 Qc7 12. c3 Bd6 13. h3 b6 14. Re1 0-0 15. Bg5 Bb7 16. Bc2 Nd5 17. Qh5 g6 18. Qh6 Bh2+ 19. Kh1 Be5 20. Nf3 Bg7 21. Qh4 b5 22. Rad1 Rfe8 23. Nh2 f5 24. Bb3 Kh8 25. Nf3 Rac8 26. Nd4 Qf7 27. a4 Rc5 28. axb5 axb5 29. Bh6 Bf6 30. Bg5 Bg7 31. Bh6 1/2-1/2

[Event "Evry op"]
[Site "Evry"]
[Date "2005.02.21"]
[Round "1"]
[White "Brochet, Philippe"]
[Black "Lavabre, Fabien"]
[Result "1-0"]
[WhiteElo "2388"]
[BlackElo "2207"]
[PlyCount "115"]
[EventDate "2005.03.12"]
[EventType "swiss"]
[EventRounds "9"]
[EventCountry "FRA"]
[SourceTitle "EXT 2006"]
[Source "ChessBase"]
[SourceDate "2005.11.24"]
[SourceVersion "1"]
[SourceVersionDate "2005.11.24"]
[SourceQuality "1"]

1. e4 d6 2. d4 Nf6 3. Nc3 e5 4. Nf3 exd4 5. Nxd4 Be7 6. Bf4 0-0 7. Qd2 Nc6 8. 0-0-0 Nxd4 9. Qxd4 Be6 10. f3 Nh5 11. Be3 Bg5 12. h4 Bxe3+ 13. Qxe3 Qf6 14. Ne2 Bc4 15. g4 Bxe2 16. Bxe2 Nf4 17. Rd2 Rfe8 18. Bc4 c6 19. g5 Qe5 20. Qb3 Re7 21. Rhd1 b5 22. Bf1 Rd8 23. Qc3 Qxc3 24. bxc3 Red7 25. c4 a6 26. cxb5 axb5 27. c4 b4 28. c5 d5 29. Rb2 Ne6 30. Rxb4 Nxc5 31. Kb2 Kf8 32. Rc1 Ne6 33. Rxc6 dxe4 34. fxe4 Rd2+ 35. Rc2 Rd1 36. Bc4 Nc5 37. Be2 R1d2 38. Rbc4 Ne6 39. Bg4 Nf4 40. Rxd2 Rxd2+ 41. Kb3 Ng6 42. Bc8 Ke7 43. a4 Ne5 44. Rc3 Kd8 45. Bb7 Rd3 46. Rxd3+ Nxd3 47. Bd5 Ne5 48. Kc3 Kc7 49. Kd4 f6 50. gxf6 gxf6 51. Ke3 Kb6 52. Kf4 h5 53. Bb3 Ng6+ 54. Kg3 Ka5 55. Bf7 Ne5 56. Bxh5 Kxa4 57. Be8+ Kb4 58. h5 1-0